Keajaiban & ketakjuban artifak alam

Bibliographic Details
Main Author: Syed Mahadzir
Format: Book
Published: Selangor : Penerbitan PCT , 2004
Series:Siri maklumat intelektual
Subjects:

MARC

LEADER 00000cam a2200000 7i4500
001 0000014110
005 20170713.0
008 080221
020 |a 9832807069 
090 0 0 |a 039.992302   |b SYE 
090 0 0 |a HIS   |b MAL 
100 0 |a Syed Mahadzir 
245 1 0 |a Keajaiban & ketakjuban artifak alam   |c Syed Mahadzir 
246 0 0 |a Keajaiban dan ketakjuban artifak alam 
260 |a Selangor :   |b Penerbitan PCT ,   |c 2004 
440 |a Siri maklumat intelektual 
650 0 |a Curiosities and wonders, Miscellanea 
740 0 |a Keajaiban dan ketakjuban artifak alam 
999 |a 0000014606   |b Book   |c Children Collection   |e Cawangan Taman Universiti 
999 |a 0000875997   |b Book   |c Adult Collection   |e Cawangan Mersing 
999 |a 0000921862   |b Book   |c Adult Collection   |e Cawangan Bukit Gambir 
999 |a 0000928588   |b Book   |c Adult Collection   |e Cawangan Tangkak 
999 |a 0001006492   |b Book   |c Adult Collection   |e Cawangan Bandar Penawar 
999 |a 0001006493   |b Book   |c Adult Collection   |e Perbadanan Perpustakaan Awam Johor 
999 |a 0001006495   |b Book   |c Adult Collection   |e Cawangan Bandar Penawar 
999 |a 0001006496   |b Book   |c Adult Collection   |e Perbadanan Perpustakaan Awam Johor